Novgorodskai︠a︡ pervai︠a︡ letopisʹ starshego i mladshego izvodov /

Новгородская первая летопись старшего и младшего изводов /
Bibliographic Details
Uniform Title:Novgorodskai︠a︡ letopisʹ.
Other Authors: T︠S︡epkov, A. I. (Aleksandr Ivanovich)
Format: Book
Language:Russian
Published: Ri︠a︡zanʹ : Izd-vo "Aleksandrii︠a︡" : Izd-vo "Uzorochʹe", 2001.
Series:Russkie letopisi ; t. 10.
Subjects:

MARC

Tag First Indicator Second Indicator Subfields
LEADER 00000cam a2200000 a 4500
001 in00002328126
005 20151108041640.0
008 011114s2001 ru a b 001 0 rusoc
020 |a 5850573046 
020 |a 9785850573041 
035 |a (OCoLC)ocm48422236 
035 |a (OCoLC)48422236 
040 |a GZM  |c GZM  |d OCLCQ  |d TXA  |d UtOrBLW 
042 |a pcc 
043 |a e-ru---  |a e-ur--- 
049 |a TXAM 
050 4 |a DK511.N7  |b N62 2001 
130 0 |a Novgorodskai︠a︡ letopisʹ. 
245 1 0 |6 880-01  |a Novgorodskai︠a︡ pervai︠a︡ letopisʹ starshego i mladshego izvodov /  |c [podgotovlena k izdanii︠u︡ T︠S︡epkovym A.I.]. 
264 1 |6 880-02  |a Ri︠a︡zanʹ :  |b Izd-vo "Aleksandrii︠a︡" :  |b Izd-vo "Uzorochʹe",  |c 2001. 
300 |a 639 pages :  |b illustrations ;  |c 25 cm. 
336 |a text  |b txt  |2 rdacontent 
337 |a unmediated  |b n  |2 rdamedia 
338 |a volume  |b nc  |2 rdacarrier 
490 1 |6 880-03  |a Russkie letopisi ;  |v t. 10 
504 |a Includes bibliographical references. 
651 0 |a Novgorod (Russia)  |x History  |v Sources. 
651 0 |a Russia  |x History  |y To 1533  |v Sources. 
700 1 |6 880-04  |a T︠S︡epkov, A. I.  |q (Aleksandr Ivanovich) 
830 0 |6 880-03  |a Russkie letopisi ;  |v t. 10. 
880 1 0 |6 245-01  |a Новгородская первая летопись старшего и младшего изводов /  |c [подготовлена к изданию Цепковым А.И.]. 
880 |6 264-02  |a Рязань :  |b Изд-во "Александрия" :  |b Изд-во "Узорочье",  |c 2001. 
880 0 |6 440-03  |a Русские летописи ;  |v т. 10 
880 1 |6 700-04  |a Цепков, А. И.  |q (Александр Иванович) 
948 |a cataloged  |b h  |c 2007/9/10  |d c  |e tchubaryan  |f 4:03:21 pm 
994 |a C0  |b TXA 
999 |a MARS 
999 f f |s 71ab440e-0b9e-39dd-b372-e2f2e6a9b6d3  |i e2cf3527-a66d-3127-b427-5df1b641a29f  |t 0 
952 f f |p ric  |a Texas A&M University  |b Rellis Campus  |c Joint Library Facility  |d Remote Storage  |t 0  |e DK511.N7 N62 2001  |h Library of Congress classification  |i unmediated -- volume  |m A14836377733 
998 f f |a DK511.N7 N62 2001  |t 0  |l Remote Storage